000 00373nam a2200181Ia 4500
100 _aDeitel/P.J/ Deitel/H.M
650 _aC Programming
250 _a6
942 _cBK
366 _f25
654 _ac++
245 _aC++ How to program
260 _bprentice hall
_aNew Delhi
_c2008
082 _a5.133
_bDEI
300 _a1429
546 _aENGLISH
999 _c18720
_d18720